|
|
|
|
| LEADER |
00000cas a22000001a 4500 |
| 001 |
vtls010302317 |
| 003 |
SK-MaSNL |
| 005 |
20260228161803.0 |
| 008 |
110810c19429999xo mr|p r 0 b0slo |
| 015 |
|
|
|a SNBDS17XX9999
|
| 015 |
|
|
|a 0603
|2 Fedor 1939-44
|
| 015 |
|
|
|a 1578
|2 Balúnová 1945-60
|
| 038 |
|
|
|a SNKBUDS
|
| 040 |
|
|
|a SNK
|b slo
|c SNK
|e AACR2
|
| 041 |
0 |
|
|a slo
|
| 044 |
|
|
|a xo
|c SK
|
| 080 |
|
|
|a 272
|2 2011
|
| 245 |
0 |
0 |
|a Svetlo pravdy
|b farský list
|
| 260 |
|
|
|a Vrútky
|b Rímskokatolícky farský úrad vo Vrútkach
|c 1942-
|
| 300 |
|
|
|a zv.
|c 29 x 21 cm
|
| 310 |
|
|
|a 1x mesačne
|b 1/V 1946-2/VII 1948, 1990-
|
| 321 |
|
|
|a Periodicita sa nedá určiť
|b 1/I 1942-4/III 1945
|
| 362 |
0 |
|
|a Roč. I, č. 1 (marec 1942)-roč. VII, č. 2 (28. marec 1948), 1990-
|
| 500 |
|
|
|a Vych. vo Vrútkach periodicky, od 1/V (4. aug. 1946) mesačne; vo formáte 29 x 21 cm, od 1/V (4. aug. 1946) 30 x 21 cm
|
| 500 |
|
|
|a Zodp. red. Anton Veselovský [od 4/I (august 1942)]
|
| 500 |
|
|
|a Maj. a vyd. Rímskokatolícky farský úrad vo Vrútkach
|
| 500 |
|
|
|a Tlač. "Bratstvo", kníhtlač. výrobné družstvo
|
| 500 |
|
|
|a Vych. od marca 1942. Bol zastavený v marci 1945. Povolený výmerom Okr. úradu v Martine čís. 9333/1942 z 5. 5. 1942. Vyhl. NÚZ 562 Úr. nov. z 29. 12. 1942 časopis mal zakázané používať papier a tlačiarenské práce. Po prestávke pokračoval č. 1/V (4. aug. 1946). V r. 1948 prestal vychádzať. Posl. číslo 2/1948 z 28. marca 1948. Pov. cirk. vrchnosťou v Banskej Bystrici č. 1940-II/1946 z 1. júla 1946 a ONV v Turč. Sv. Martine č. 1136/1946 z 25. mája 1946. Roč. VI. 1947 sa v knižniciach nezachoval
|
| 500 |
|
|
|a Zmena podnázvu: od 1/V (4. aug. 1946) Turčiansky náboženskosociálny mesačník
|
| 500 |
|
|
|a Vydávanie obnovené v r. 1990
|
| 520 |
|
|
|a Náboženský (rím. kat.) regionálny časopis. Donášal poučné články, informačné a organizačné materiály
|
| 650 |
0 |
7 |
|a katolícke cirkvi
|2 SNKPH
|9 90971
|
| 655 |
|
7 |
|a náboženské časopisy
|2 SNKPH
|9 70790
|
| 700 |
1 |
|
|a Veselovský, Anton
|4 pbd
|9 269560
|
| 710 |
2 |
|
|a Rímskokatolícky farský úrad (Vrútky)
|4 pbl
|9 269561
|
| 710 |
2 |
|
|a Bratstvo (kníhtlačiareň : Vrútky, Slovensko)
|4 pbl
|9 158389
|
| 852 |
|
|
|a SNK
|b 10000
|h snkČSB 914
|
| 852 |
|
|
|a UKB
|b 300000
|h SC 1175
|
| 852 |
|
|
|a UKB
|b 300000
|h 20 G 800
|
| 852 |
|
|
|a SVKKK
|b 900000
|h C 480
|
| 910 |
|
|
|a snk
|
| 958 |
|
|
|a OND
|
| 999 |
|
|
|c 6047
|d 7977
|
| 952 |
|
|
|0 0
|1 0
|4 0
|7 0
|a SNK
|b SNK
|d 2002-03-25
|l 0
|o snkČSB 914/5/1946
|p 17A0337502
|r 2005-01-02 00:00:00
|t č. 1-5
|w 2026-02-21
|y PREZ
|
| 952 |
|
|
|0 0
|1 0
|4 0
|7 0
|8 5
|a SNK
|b SNK
|d 2010-03-11
|i snkF 4186/78
|l 0
|o snkČSB 914/4/1945
|p 17A0648101
|r 2026-02-21 20:15:11
|t č. 1
|w 2026-02-21
|y PREZ
|
| 952 |
|
|
|0 0
|1 0
|4 0
|7 0
|8 5
|a SNK
|b SNK
|d 2012-03-08
|i snkF 1873/79
|l 0
|o snkČSB 914/1/1942 D1
|p 17A7633437
|r 2026-02-21 20:23:03
|t č. 2,5,6, neúpl.
|w 2026-02-21
|y PREZ
|
| 952 |
|
|
|0 0
|1 0
|4 0
|7 0
|8 1
|a SNK
|b SNK
|d 2012-03-08
|i snkD 106/83
|l 0
|o snkČSB 914/2/1943 D1
|p 17A7633436
|r 2026-02-21 20:23:03
|t č. 1-6, neúplné
|w 2026-02-21
|y PREZ
|z Chýba č. 2, 4
|
| 952 |
|
|
|0 0
|1 0
|4 0
|7 0
|8 5
|a SNK
|b SNK
|d 2012-03-08
|i snkF 1289/68
|l 0
|o snkČSB 914/3/1944 D1
|p 17A7633421
|r 2026-02-21 20:23:03
|t č. 1,2,4, neúplné
|w 2026-02-21
|y PREZ
|z Chýba č. 3
|
| 952 |
|
|
|0 0
|1 0
|4 0
|7 0
|8 5
|a SNK
|b SNK
|d 2012-03-08
|i snkF 752/81
|l 0
|o snkČSB 914/5/1946 D1
|p 17A7633435
|r 2026-02-21 20:23:03
|t č. 1-5
|w 2026-02-21
|y PREZ
|
| 952 |
|
|
|0 0
|1 0
|4 0
|7 0
|8 5
|a SNK
|b SNK
|d 2012-03-08
|i snkF 753/81
|l 0
|o snkČSB 914/7/1948 D1
|p 17A7633658
|r 2026-02-21 20:23:03
|t č. 1-2
|w 2026-02-21
|y PREZ
|
| 952 |
|
|
|0 0
|1 0
|4 0
|7 0
|a SNK
|b SNK
|d 2000-05-29
|l 0
|o snkČSB 914/14[15]/1996
|p 17A0241567
|r 2005-01-02 00:00:00
|w 2026-02-21
|y PREZ
|
| 952 |
|
|
|0 0
|1 0
|4 0
|7 0
|a SNK
|b SNK
|d 2000-05-30
|l 0
|o snkČSB 914/14[15]/1996 D1
|p 17A0241703
|r 2005-01-02 00:00:00
|w 2026-02-21
|y PREZ
|
| 952 |
|
|
|0 0
|1 0
|4 0
|7 0
|a SNK
|b SNK
|d 2000-05-29
|l 0
|o snkČSB 914/13[14]/1995
|p 17A0241574
|r 2005-01-02 00:00:00
|w 2026-02-21
|y PREZ
|
| 952 |
|
|
|0 0
|1 0
|4 0
|7 0
|a SNK
|b SNK
|d 2000-05-30
|l 0
|o snkČSB 914/13[14]/1995 D1
|p 17A0241704
|r 2005-01-02 00:00:00
|w 2026-02-21
|y PREZ
|
| 952 |
|
|
|0 0
|1 0
|4 0
|7 0
|a SNK
|b SNK
|d 2000-05-29
|l 0
|o snkČSB 914/12[13]/1994
|p 17A0241568
|r 2005-01-02 00:00:00
|w 2026-02-21
|y PREZ
|
| 952 |
|
|
|0 0
|1 0
|4 0
|7 0
|a SNK
|b SNK
|d 2000-05-30
|l 0
|o snkČSB 914/12[13]/1994 D1
|p 17A0241705
|r 2005-01-02 00:00:00
|w 2026-02-21
|y PREZ
|
| 952 |
|
|
|0 0
|1 0
|4 0
|7 0
|a SNK
|b SNK
|d 2000-05-29
|l 0
|o snkČSB 914/11[12]/1993
|p 17A0241717
|r 2005-01-02 00:00:00
|w 2026-02-21
|y PREZ
|
| 952 |
|
|
|0 0
|1 0
|4 0
|7 0
|a SNK
|b SNK
|d 2000-05-29
|l 0
|o snkČSB 914/11/1992
|p 17A0241719
|r 2005-01-02 00:00:00
|w 2026-02-21
|y PREZ
|
| 952 |
|
|
|0 0
|1 0
|4 0
|7 0
|a SNK
|b SNK
|d 2000-05-29
|l 0
|o snkČSB 914/10/1991
|p 17A0241569
|r 2005-01-02 00:00:00
|w 2026-02-21
|y PREZ
|
| 952 |
|
|
|0 0
|1 0
|4 0
|7 0
|a SNK
|b SNK
|d 2002-03-25
|l 0
|o snkČSB 914/7/1948
|p 17A0337944
|r 2005-01-02 00:00:00
|t č. 1-2
|w 2026-02-21
|y PREZ
|
| 952 |
|
|
|0 0
|1 0
|4 0
|7 0
|8 1
|a SNK
|b SNK
|d 2010-03-11
|i snkČSD 204/57
|l 0
|o snkČSB 914/2/1943
|p 17A0648095
|r 2026-02-21 20:57:51
|t č. 1-6
|w 2026-02-21
|y PREZ
|
| 952 |
|
|
|0 0
|1 0
|4 0
|7 0
|8 1
|a SNK
|b SNK
|d 2008-06-17
|i snkČSD 263/57
|l 0
|o snkČSB 914/1/1942
|p 17A0588991
|r 2026-02-21 21:22:53
|w 2026-02-21
|y PREZ
|
| 952 |
|
|
|0 0
|1 0
|4 0
|7 0
|a SNK
|b SNK
|d 2000-05-30
|l 0
|o snkČSB 914/11[12]/1993 D1
|p 17A0241706
|r 2005-01-02 00:00:00
|w 2026-02-21
|y PREZ
|
| 952 |
|
|
|0 0
|1 0
|4 0
|7 0
|a SNK
|b SNK
|d 2010-03-11
|i snkXI. 2242/55
|l 0
|o snkČSB 914/3/1944
|p 17A0648096
|r 2026-02-21 21:41:59
|t č. 1-4
|w 2026-02-21
|y PREZ
|